| 000 | 01221nam2a22002531 4500 | ||
|---|---|---|---|
| 001 | v19\rc\1306176 | ||
| 005 | 20250618031706.0 | ||
| 035 | _a(NLR Aleph) 004463820 | ||
| 090 |
_a4530601 _c4530601 |
||
| 100 | _a20060512d1915 |||y0rusy50 ca | ||
| 101 | 0 | _arus | |
| 102 | _aRU | ||
| 105 | _ay z ||||| | ||
| 200 | 1 | _aО назначении пенсии отцу умершего техника по строительной части П.Ю. Грюна - Ю.Я. Грюну | |
| 210 |
_d[1915] _aБ. м. |
||
| 215 | _a2 с. | ||
| 461 | 0 |
_1001v19\rc\1306051 _12001#$aДоклад Звенигородской уездной земской управы Уездному земскому собранию...$v... 1915 года$90 _94530040 _aЗвенигородская уездная земская управа (Моск. губ) _c[Москва _d1898]-1915 _tДоклад Звенигородской уездной земской управы Уездному земскому собранию... _v... 1915 года$90 |
|
| 702 | 1 |
_aГрюн _bП.Ю. _4570 |
|
| 702 | 1 |
_aГрюн _bЮ.Я. _4570 |
|
| 801 | 0 |
_aRU _bNLR _gpsbo |
|
| 801 | 1 |
_aRU _bProSoft-M _2rusmarc |
|
| 852 |
_aNLR _bЗем _j21-7/Д1 |
||
| 942 | _cBOOK | ||
| 980 | _aNB | ||